| 000 | 004350000a22001690004500 | ||
|---|---|---|---|
| 020 | _a0-8006-0540-3 | ||
| 041 | 0 | _aENG | |
| 082 | 0 | 4 | _aG 303.49 C8675h |
| 245 | 1 | 0 | _ahope and the future of man / Ewert H. Cousins, Editor |
| 260 | _aPhiladelphia, USA : Fortress | ||
| 300 | _a148 Pag | ||
| 001 | 9296 | ||
| 942 | _cBK | ||
| 999 |
_c39348 _d39348 |
||
| 336 |
_atexto _btxt _2rdacontent |
||
| 337 |
_2rdamedia _asin mediación _bn |
||
| 338 |
_2rdacarrier _avolumen _bnc |
||